Pays de la coupe du monde 2026 - Statistiques

Statistiques générales
  • Ce quiz a été pris 386 fois
    207 depuis la dernière actualisation
  • Le résultat moyen est 39 sur 48
Statistiques - réponses
Date de qualification Pays Nombres de qualifications % Correct
13 novembre 2025 France 17
98%
18 novembre 2025 Espagne 17
96%
11 juin 2025 Brésil 23
95%
5 septembre 2025 Maroc 7
95%
16 novembre 2025 Portugal 9
94%
17 novembre 2025 Allemagne 21
91%
26 mars 2025 Argentine 19
91%
14 octobre 2025 Sénégal 4
91%
9 octobre 2025 Algérie 5
90%
14 février 2023 Canada 3
90%
14 février 2023 Etats-Unis 12
90%
14 octobre 2025 Angleterre 17
89%
20 mars 2025 Japon 8
88%
14 février 2023 Mexique 18
88%
31 mars 2026 Suède 13
88%
18 novembre 2025 Suisse 13
88%
5 juin 2025 Corée du Sud 12
86%
16 novembre 2025 Norvège 4
86%
17 novembre 2025 Pays-Bas 12
86%
31 mars 2026 Turquie 3
86%
5 septembre 2025 Uruguay 15
84%
18 novembre 2025 Belgique 15
83%
5 septembre 2025 Colombie 7
83%
25 mars 2025 Iran 7
83%
1 avril 2026 Irak 2
82%
8 septembre 2025 Tunisie 7
82%
10 juin 2025 Australie 7
80%
8 octobre 2025 Egypte 4
80%
14 octobre 2025 Afrique du Sud 4
79%
31 mars 2026 Bosnie-Herzégovine 2
79%
1 avril 2026 République démocratique du Congo 2
79%
14 octobre 2025 Arabie Saoudite 7
76%
18 novembre 2025 Autriche 8
76%
11 juin 2025 Equateur 5
76%
24 mars 2025 Nouvelle-Zélande 3
76%
31 mars 2026 République Tchèque 2
73%
14 octobre 2025 Côte d'Ivoire 4
72%
14 octobre 2025 Qatar 2
72%
14 novembre 2025 Croatie 7
70%
18 novembre 2025 Ecosse 9
70%
5 septembre 2025 Paraguay 9
68%
12 octobre 2025 Ghana 5
66%
19 novembre 2025 Haïti 2
66%
19 novembre 2025 Curaçao 1
65%
5 juin 2025 Ouzbékistan 1
58%
5 juin 2025 Jordanie 1
57%
19 novembre 2025 Panama 2
57%
13 octobre 2025 Cap-Vert 1
55%
Aucun quiz correspondant
Distribution des résultats
% des personnes avec chaque résultat
Percentile par nombre de réponses
Votre historique - résultats
Vous n’avez pas pris ce quiz depuis la dernière actualisation